[Event "1. OEsterreichische Internet Schach Meisterschaft - Vorrunde 3"]
[Site "Online - Playchess.com"]
[Date ""]
[Round "4"]
[Board "58"]
[White "Mostbauer, Maximilian"]
[Black "Leisenberger, Harald"]
[Result "1-0"]
[WhiteElo "2217"]
[BlackElo "2144"]
[PlyCount "61"]
[EventDate "2020.04.17"]
[EventRounds "9"]
[EventCountry "AUT"]

1. d4 Nf6 2. Nf3 d5 3. g3 e6 4. Bg2 Be7 5. O-O O-O 6. b3 b6 7. Bb2 c5 8. Nbd2 Nc6
9. e3 a5 10. Ne5 Nxe5 11. dxe5 Nd7 12. c4 Bb7 13. Nb1 Qc7 14. Na3 Nxe5 15. Nb5 Qb8
16. f4 Ng6 17. cxd5 exd5 18. Bxd5 Rd8 19. e4 Nf8 20. f5 Nd7 21. Qe2 Bf6 22. Bxf6
Nxf6 23. Bxb7 Qxb7 24. Rad1 Qxe4 25. Qxe4 Nxe4 26. Nc7 Rac8 27. Nd5 Rb8 28. Rfe1
Nd6 29. Ne7+ Kf8 30. Nc6 Nxf5 31. Rxd8+  1-0

[Event "1. OEsterreichische Internet Schach Meisterschaft - Vorrunde 3"]
[Site "Online - Playchess.com"]
[Date ""]
[Round "4"]
[Board "59"]
[White "Schein, Leopold"]
[Black "Nolz, Tom"]
[Result "1/2-1/2"]
[WhiteElo "1584"]
[BlackElo "2157"]
[PlyCount "112"]
[EventDate "2020.04.17"]
[EventRounds "9"]
[EventCountry "AUT"]

1. b3 a5 2. a4 g6 3. Bb2 Nf6 4. Bxf6 exf6 5. Nf3 Bg7 6. Nc3 O-O 7. g3 f5 8. Bg2 d5
9. e3 Nc6 10. O-O d4 11. exd4 Nxd4 12. Nxd4 Bxd4 13. Rc1 c6 14. Qf3 Be6 15. Ne2 Bd5
16. Qd3 Bxg2 17. Kxg2 Bf6 18. Qxd8 Raxd8 19. d3 b5 20. axb5 cxb5 21. Rfd1 Rfe8 22.
Nf4 a4 23. bxa4 bxa4 24. c3 Bg5 25. Ra1 Bxf4 26. gxf4 Ra8 27. Ra3 Re2 28. d4 Kf8
29. d5 Ke8 30. d6 Kd7 31. c4 Rc2 32. Rd4 Ra6 33. Kf3 Rxd6 34. Rxd6+ Kxd6 35. Rxa4
Rc3+ 36. Kg2 h5 37. Ra7 Ke6 38. Rc7 h4 39. c5 h3+ 40. Kf1 Rc4 41. c6 Rxf4 42. Rc8
Rc4 43. c7 Kd7 44. Rf8 Kxc7 45. Rxf7+ Kd8 46. Rh7 Rc3 47. Rh6 g5 48. Rh5 Rc1+ 49.
Ke2 g4 50. Rxf5 Rg1 51. Rg5 Rg2 52. Ke3 Ke7 53. Kf4 Rxf2+ 54. Kxg4 Rxh2 55. Rh5 Kf6
56. Rxh3 Rg2+  1/2-1/2

[Event "1. OEsterreichische Internet Schach Meisterschaft - Vorrunde 3"]
[Site "Online - Playchess.com"]
[Date ""]
[Round "4"]
[Board "60"]
[White "Kucharski, Michael"]
[Black "Kranz, Armin"]
[Result "1-0"]
[WhiteElo "1948"]
[BlackElo "2119"]
[PlyCount "111"]
[EventDate "2020.04.17"]
[EventRounds "9"]
[EventCountry "AUT"]

1. d4 Nf6 2. c4 e6 3. Nc3 Bb4 4. Qc2 c5 5. dxc5 O-O 6. a3 Bxc5 7. Nf3 b6 8. Bg5 Be7
9. e4 d6 10. Be2 Nbd7 11. O-O a6 12. Rfd1 Qc7 13. Rac1 Bb7 14. b3 Rfe8 15. Qd3 Nc5
16. Qc2 Ncxe4 17. Nxe4 Bxe4 18. Qb2 Rac8 19. Rd4 Bb7 20. Rcd1 Red8 21. R4d2 h6 22.
Bh4 Rd7 23. Bg3 Ne4 24. Rd3 Nxg3 25. hxg3 Rcd8 26. R3d2 Bf6 27. Qb1 d5 28. cxd5 exd5
29. Nd4 Qd6 30. b4 Qe5 31. Bf3 Rc7 32. Re1 Qg5 33. Red1 Rdc8 34. Ne2 d4 35. Bxb7
Rxb7 36. Nxd4 Rd7 37. Nf3 Rxd2 38. Nxg5 Rxd1+ 39. Qxd1 Bxg5 40. f4 Bf6 41. Qd6 Rc3
42. Kh2 Rxa3 43. Qxb6 h5 44. b5 axb5 45. Qxb5 Ra2 46. Qe8+ Kh7 47. Qxf7 Ra5 48. Qb3
Ra1 49. Qd3+ Kg8 50. Qf5 h4 51. g4 Bb2 52. g5 Ra3 53. g6 Ra8 54. Qe6+ Kf8 55. Qd6+
Kg8 56. Qd5+  1-0

[Event "1. OEsterreichische Internet Schach Meisterschaft - Vorrunde 3"]
[Site "Online - Playchess.com"]
[Date ""]
[Round "4"]
[Board "61"]
[White "Teuschler, Hugo"]
[Black "Rotter, Harald"]
[Result "1-0"]
[WhiteElo "2055"]
[BlackElo "1854"]
[PlyCount "73"]
[EventDate "2020.04.17"]
[EventRounds "9"]
[EventCountry "AUT"]

1. e4 e6 2. d4 d5 3. Nd2 c5 4. Ngf3 Nf6 5. e5 Nfd7 6. c3 Nc6 7. Nb3 a6 8. a4 cxd4
9. cxd4 f6 10. exf6 Nxf6 11. Bd3 Bb4+ 12. Bd2 Bxd2+ 13. Qxd2 a5 14. Bb5 Bd7 15. Nc5
Qc7 16. O-O O-O 17. Rac1 Qd6 18. Nxb7 Ne4 19. Nxd6 Nxd2 20. Nxd2 Nxd4 21. Bxd7 Ne2+
22. Kh1 Nxc1 23. Rxc1 Rxf2 24. Bxe6+ Kf8 25. Nf3 Ra6 26. Bxd5 Rxd6 27. Bc4 Rxb2 28.
h3 Rc6 29. Ne5 Rc7 30. Rf1+ Ke8 31. Bb5+ Ke7 32. Nc6+ Kd6 33. Nxa5 Rcc2 34. Nc4+
Kc5 35. Nxb2 Rxb2 36. Rf7 Rb1+ 37. Kh2  1-0

[Event "1. OEsterreichische Internet Schach Meisterschaft - Vorrunde 3"]
[Site "Online - Playchess.com"]
[Date ""]
[Round "4"]
[Board "62"]
[White "Mira, Helene"]
[Black "Krassnitzer, Julia"]
[Result "1-0"]
[WhiteElo "2082"]
[BlackElo "1803"]
[PlyCount "31"]
[EventDate "2020.04.17"]
[EventRounds "9"]
[EventCountry "AUT"]

1. d4 Nf6 2. Nf3 g6 3. c4 Bg7 4. Nc3 d6 5. e4 O-O 6. Be2 Nbd7 7. O-O e5 8. d5 Nc5
9. Qc2 Nh5 10. b4 Nd7 11. g3 f5 12. Ng5 fxe4 13. Bxh5 gxh5 14. Ncxe4 Nf6 15. Nxf6+
Bxf6 16. Qxh7#  1-0

[Event "1. OEsterreichische Internet Schach Meisterschaft - Vorrunde 3"]
[Site "Online - Playchess.com"]
[Date ""]
[Round "4"]
[Board "64"]
[White "Wischounig, Laurin"]
[Black "Bachner, Karsten"]
[Result "0-1"]
[WhiteElo "1878"]
[BlackElo "1997"]
[PlyCount "146"]
[EventDate "2020.04.17"]
[EventRounds "9"]
[EventCountry "AUT"]

1. d4 d5 2. c4 c6 3. cxd5 cxd5 4. Nc3 Nf6 5. Bf4 Nc6 6. e3 e6 7. Bd3 a6 8. Rc1 Bd6
9. Bxd6 Qxd6 10. f4 O-O 11. Nf3 b5 12. O-O Bd7 13. Ne5 Rac8 14. Qe2 h6 15. g4 Nh7
16. g5 hxg5 17. Qh5 f5 18. Nxd7 Qxd7 19. fxg5 Qe7 20. h4 Qe8 21. Qf3 g6 22. a4 b4
23. Bxa6 bxc3 24. Bxc8 Qxc8 25. Rxc3 Qa6 26. b3 Nb4 27. Rfc1 Rb8 28. Qg3 Qa8 29.
Qc7 Nf8 30. h5 gxh5 31. g6 Rb7 32. Qd6 Qa6 33. Qxa6 Nxa6 34. Rc6 Nb4 35. Rc7 Rxc7
36. Rxc7 Nxg6 37. a5 f4 38. exf4 Nxf4 39. Rb7 Nc6 40. a6 Ne2+ 41. Kf2 Nexd4 42. b4
h4 43. b5 h3 44. bxc6 Nxc6 45. Kg3 d4 46. Kxh3 d3 47. Rd7 Nb8 48. a7 Nxd7 49. a8=Q+
Kf7 50. Qb7 Ke7 51. Qb4+ Kf6 52. Qd4+ Ne5 53. Kg3 Kf5 54. Kf2 Ng4+ 55. Ke1 Ne5 56.
Qf2+ Ke4 57. Qg2+ Kd4 58. Kd1 Nc4 59. Qg4+ Kd5 60. Qf3+ Kd4 61. Qf4+ Kd5 62. Qg5+
e5 63. Qd8+ Ke4 64. Qa8+ Kd4 65. Qa7+ Kc3 66. Qa1+ Nb2+ 67. Ke1 d2+ 68. Ke2 d1=Q+
69. Qxd1 Nxd1 70. Kxd1 Kd3 71. Ke1 Ke3 72. Kd1 Kf2 73. Kd2 e4  0-1

[Event "1. OEsterreichische Internet Schach Meisterschaft - Vorrunde 3"]
[Site "Online - Playchess.com"]
[Date ""]
[Round "4"]
[Board "65"]
[White "Hessenberger, Andreas"]
[Black "Jeitler, Selina"]
[Result "1-0"]
[WhiteElo "2019"]
[BlackElo "1201"]
[PlyCount "78"]
[EventDate "2020.04.17"]
[EventRounds "9"]
[EventCountry "AUT"]

1. e4 e5 2. Nf3 Nc6 3. c3 Nf6 4. d3 h6 5. Be2 Be7 6. O-O d6 7. h3 O-O 8. Be3 Be6
9. Nbd2 d5 10. exd5 Nxd5 11. Ne4 Bf5 12. Ng3 Bg6 13. Bd2 Bd6 14. Ne4 f5 15. Nxd6
Qxd6 16. Qb3 Kh8 17. Nh4 Be8 18. Rad1 Na5 19. Qc2 Qe7 20. Rfe1 Qxh4 21. Bf3 Nf6 22.
Rxe5 Nc6 23. Rxf5 Bg6 24. Rf4 Qg5 25. h4 Qa5 26. b4 Qb5 27. a4 Qxd3 28. Qa2 Qd8 29.
Be3 Qe7 30. Bc5 Qe5 31. g3 Rfd8 32. Rc1 b6 33. Bxc6 bxc5 34. Bxa8 Rxa8 35. Qc4 cxb4
36. cxb4 Qb2 37. Qxc7 Re8 38. Qc3 Qb3 39. Qxb3 Re2  1-0

[Event "1. OEsterreichische Internet Schach Meisterschaft - Vorrunde 3"]
[Site "Online - Playchess.com"]
[Date ""]
[Round "4"]
[Board "66"]
[White "Andreatta, Ralph"]
[Black "Schneider-Zinner, Werner"]
[Result "0-1"]
[WhiteElo "1623"]
[BlackElo "1967"]
[PlyCount "148"]
[EventDate "2020.04.17"]
[EventRounds "9"]
[EventCountry "AUT"]

1. d4 Nf6 2. c4 g6 3. e3 Bg7 4. Nf3 d5 5. Nc3 c6 6. h3 O-O 7. Bd3 Nbd7 8. cxd5 cxd5
9. O-O e6 10. b3 Nb6 11. Bb2 Bd7 12. Rc1 Rc8 13. a4 Bc6 14. Nb5 a6 15. Nc3 Nbd7 16.
Ba3 Re8 17. Re1 e5 18. dxe5 Nxe5 19. Nxe5 Rxe5 20. Bb2 Re8 21. Be2 Ne4 22. Bf3 Qh4
23. Rf1 Nxc3 24. Bxc3 Bxc3 25. Rxc3 Rcd8 26. Rd3 Re5 27. Rd4 Qe7 28. Qd2 Qc5 29.
Rc1 Qb6 30. Qc3 a5 31. Rcd1 Re6 32. e4 Re5 33. exd5 Be8 34. d6 Bc6 35. R4d3 Bxf3
36. Qxe5 Bxd1 37. Rxd1 Qxb3 38. Re1 Qxa4 39. Qe7 Qd7 40. Qe5 Qxd6 41. Qxa5 b6 42.
Qb5 Qd2 43. Rb1 Rd6 44. Qa6 Rf6 45. Qc8+ Kg7 46. Rf1 Qd6 47. Qc3 Qc5 48. Qb2 Qd6
49. g4 g5 50. Qb5 Rg6 51. Kg2 Qc6+ 52. Qxc6 Rxc6 53. Rb1 Kf6 54. Kg3 Ke5 55. h4 gxh4+
56. Kxh4 Kd5 57. f4 Kc5 58. f5 b5 59. Kg5 Kb6 60. Rh1 h6+ 61. Rxh6 Rxh6 62. Kxh6
b4 63. Kg7 b3 64. Kxf7 b2 65. g5 b1=Q 66. g6 Qxf5+ 67. Kg7 Kc6 68. Kh7 Kd6 69. Kh6
Qf6 70. Kh7 Qh4+ 71. Kg8 Ke7 72. g7 Kf6 73. Kf8 Qh6 74. Ke8 Qxg7  0-1

[Event "1. OEsterreichische Internet Schach Meisterschaft - Vorrunde 3"]
[Site "Online - Playchess.com"]
[Date ""]
[Round "4"]
[Board "67"]
[White "Kainz, Josef"]
[Black "Grosse, Manfred"]
[Result "1-0"]
[WhiteElo "2005"]
[BlackElo "1860"]
[PlyCount "93"]
[EventDate "2020.04.17"]
[EventRounds "9"]
[EventCountry "AUT"]

1. d4 Nf6 2. c4 c5 3. d5 b5 4. cxb5 a6 5. bxa6 Bxa6 6. Nc3 d6 7. Nf3 g6 8. e4 Bxf1
9. Kxf1 Bg7 10. g3 O-O 11. Kg2 Nbd7 12. a4 Ng4 13. Qe2 Nge5 14. Nd2 Nf6 15. f4 Ned7
16. Nb5 Qb8 17. Nc4 Nb6 18. Nxb6 Qxb6 19. Bd2 Rfb8 20. Bc3 Ne8 21. Bxg7 Nxg7 22.
Rhf1 Qa5 23. f5 Qb4 24. f6 exf6 25. Rxf6 Rxa4 26. Rxa4 Qxa4 27. Nxd6 Qa2 28. Rf2
Rf8 29. Qc4 Qb1 30. Qxc5 h5 31. h4 Qe1 32. Qd4 Ne8 33. Nxe8 Rxe8 34. Rf4 Rc8 35.
Qf2 Qc1 36. Qd4 Rc4 37. Qd3 Qxb2+ 38. Rf2 Qb4 39. e5 Rd4 40. Qe3 Rxd5 41. e6 Rd8
42. exf7+ Kh7 43. f8=Q Qb7+ 44. Kh2 Rxf8 45. Rxf8 Qb2+ 46. Rf2 Qb7 47. Qf4  1-0

[Event "1. OEsterreichische Internet Schach Meisterschaft - Vorrunde 3"]
[Site "Online - Playchess.com"]
[Date ""]
[Round "4"]
[Board "68"]
[White "Kepplinger, Lukas"]
[Black "Astner, Klaus"]
[Result "1-0"]
[WhiteElo "2014"]
[BlackElo "1409"]
[PlyCount "123"]
[EventDate "2020.04.17"]
[EventRounds "9"]
[EventCountry "AUT"]

1. d4 e6 2. Nf3 Nf6 3. Bg5 d5 4. c4 c5 5. e3 cxd4 6. Nxd4 Be7 7. cxd5 Nxd5 8. Bxe7
Nxe7 9. Nc3 O-O 10. Bd3 Qa5 11. O-O Nbc6 12. Nb3 Qd8 13. Rc1 a6 14. Bb1 Nf5 15. Qc2
Qf6 16. Ne4 Qg6 17. Ng3 Ne5 18. Nxf5 Nf3+ 19. Kh1 exf5 20. gxf3 Bd7 21. Rg1 Qh5 22.
Rg3 Bc6 23. Nd4 g6 24. Nxc6 bxc6 25. Qxc6 Rab8 26. Qc2 Rfc8 27. Qxc8+ Rxc8 28. Rxc8+
Kg7 29. Rc5 Qh4 30. Rxf5 Kf8 31. Rf4 Qd8 32. Rd4 Qb8 33. Rd2 Qb4 34. Rc2 a5 35. Rg1
a4 36. Rgc1 Kg7 37. a3 Qb7 38. Ba2 Qxf3+ 39. Kg1 Qg4+ 40. Kf1 Qh3+ 41. Ke2 Qxh2 42.
Bd5 Qh5+ 43. Bf3 Qb5+ 44. Ke1 h5 45. Be2 Qa5+ 46. Kf1 h4 47. Rc5 Qa8 48. f3 h3 49.
Kg1 Qb8 50. f4 Qxb2 51. R1c2 Qxa3 52. Kh2 Qxe3 53. R5c3 Qxf4+ 54. Kxh3 Qf5+ 55. Bg4
Qb5 56. Rf3 Qb4 57. Rcc3 Qb2 58. Rc7 a3 59. Rfxf7+ Kg8 60. Rfd7 Qb3+ 61. Kh4 Qb6
62. Rd8#  1-0

[Event "1. OEsterreichische Internet Schach Meisterschaft - Vorrunde 3"]
[Site "Online - Playchess.com"]
[Date ""]
[Round "4"]
[Board "69"]
[White "Enne, Harald"]
[Black "Rosol, Philip"]
[Result "1/2-1/2"]
[WhiteElo "1916"]
[BlackElo "1468"]
[PlyCount "100"]
[EventDate "2020.04.17"]
[EventRounds "9"]
[EventCountry "AUT"]

1. d4 d5 2. c4 e6 3. Nc3 Nf6 4. Bg5 Be7 5. e3 O-O 6. Nf3 h6 7. Bh4 a6 8. Qc2 b6 9.
a3 Bb7 10. cxd5 Nxd5 11. Bxe7 Qxe7 12. Bd3 Nxc3 13. Qxc3 Qd6 14. O-O Nd7 15. e4 Rac8
16. b4 c5 17. bxc5 bxc5 18. Rfd1 cxd4 19. Qxd4 Qxd4 20. Nxd4 Nc5 21. Rac1 Rfd8 22.
Bb1 Nxe4 23. Rxc8 Rxc8 24. Bxe4 Bxe4 25. f3 Bd5 26. h4 Kf8 27. Kf2 Rc3 28. a4 Ra3
29. a5 Rxa5 30. g4 Ra2+ 31. Ke3 Ke7 32. Kf4 Ra4 33. Ke3 g5 34. hxg5 hxg5 35. Nf5+
Kf6 36. Nd6 Ra3+ 37. Kd4 Rxf3 38. Ne8+ Ke7 39. Nc7 Rf4+ 40. Ke3 Rxg4 41. Nxd5+ exd5
42. Rxd5 Rg3+ 43. Ke4 Rg1 44. Ra5 g4 45. Rxa6 g3 46. Kf3 f5 47. Rb6 Kf7 48. Ra6 Ke7
49. Rb6 Kd7 50. Ra6 Ke7  1/2-1/2

[Event "1. OEsterreichische Internet Schach Meisterschaft - Vorrunde 3"]
[Site "Online - Playchess.com"]
[Date ""]
[Round "4"]
[Board "70"]
[White "Tauber, Andreas"]
[Black "Galler, Alexander"]
[Result "1-0"]
[WhiteElo "1972"]
[BlackElo "1772"]
[PlyCount "63"]
[EventDate "2020.04.17"]
[EventRounds "9"]
[EventCountry "AUT"]

1. e4 c5 2. b4 cxb4 3. d4 e6 4. Nf3 d6 5. Bd2 a5 6. a3 bxa3 7. Nxa3 Nf6 8. e5 Nd5
9. Bb5+ Bd7 10. c4 Nb4 11. O-O Be7 12. Bxd7+ Nxd7 13. Nb5 dxe5 14. dxe5 O-O 15. Re1
Nb6 16. Qe2 Bc5 17. Red1 Qe7 18. Qe4 Nc6 19. Ng5 g6 20. Qh4 h5 21. Qg3 f6 22. Ne4
Nxe5 23. Nxc5 Qxc5 24. Be3 Qc6 25. f4 Nexc4 26. Qxg6+ Kh8 27. Qxh5+ Kg8 28. Qg6+
Kh8 29. Nd4 Qc5 30. Nxe6 Qxe3+ 31. Kh1 Rg8 32. Qh6#  1-0

[Event "1. OEsterreichische Internet Schach Meisterschaft - Vorrunde 3"]
[Site "Online - Playchess.com"]
[Date ""]
[Round "4"]
[Board "71"]
[White "Filek, Mattias"]
[Black "Ploeckinger, Paul"]
[Result "1-0"]
[WhiteElo "1932"]
[BlackElo "1334"]
[PlyCount "131"]
[EventDate "2020.04.17"]
[EventRounds "9"]
[EventCountry "AUT"]

1. e4 c5 2. Nf3 Nc6 3. d4 cxd4 4. Nxd4 g6 5. Nc3 Bg7 6. Be3 Nf6 7. g4 d6 8. f3 e5
9. Nde2 h5 10. gxh5 Nxh5 11. Qd2 f5 12. exf5 gxf5 13. Bg5 Bf6 14. Bxf6 Qxf6 15. O-O-O
Rh6 16. f4 Nxf4 17. Nxf4 exf4 18. Nd5 Qf7 19. Qxf4 Rg6 20. Re1+ Be6 21. Qxd6 Rd8
22. Nc7+ Qxc7 23. Qxc7 Kf8 24. Bb5 Rg7 25. Qe5 Nxe5 26. Rxe5 Re7 27. Rhe1 Rd5 28.
Rxe6 Rxe6 29. Rxe6 Rxb5 30. b3 Kf7 31. Rh6 Ra5 32. a4 Kg7 33. Rh5 Kg6 34. Rh8 f4
35. Kd2 Re5 36. Rf8 Kg5 37. h4+ Kg4 38. Rf7 f3 39. h5 Rxh5 40. Ke3 Re5+ 41. Kf2 Re2+
42. Kf1 Rxc2 43. Rg7+ Kf4 44. Rf7+ Ke4 45. Re7+ Kd5 46. Rxb7 Rb2 47. b4 Ke4 48. Re7+
Kd3 49. Rd7+ Ke3 50. Re7+ Kd3 51. b5 Rb1+ 52. Kf2 Rb2+ 53. Kxf3 Ra2 54. Rxa7 Kc4
55. b6 Kc5 56. b7 Rb2 57. a5 Kc6 58. a6 Kc7 59. Ra8 Rb6 60. Ke4 Rb5 61. Kd4 Rb6 62.
Kc5 Rc6+ 63. Kd5 Rb6 64. Rc8+ Kd7 65. b8=Q Rxa6 66. Qb7#  1-0

[Event "1. OEsterreichische Internet Schach Meisterschaft - Vorrunde 3"]
[Site "Online - Playchess.com"]
[Date ""]
[Round "4"]
[Board "72"]
[White "Kwech, Martin"]
[Black "Gallob, Marko"]
[Result "1/2-1/2"]
[WhiteElo "1105"]
[BlackElo "1961"]
[PlyCount "90"]
[EventDate "2020.04.17"]
[EventRounds "9"]
[EventCountry "AUT"]

1. e4 e6 2. d4 d5 3. exd5 exd5 4. c4 c6 5. cxd5 Qxd5 6. Nf3 Nf6 7. Bg5 Be7 8. Nc3
Qd8 9. Qe2 O-O 10. Qd3 Nbd7 11. Be2 h6 12. Bh4 Re8 13. O-O Bb4 14. Rfe1 g5 15. Bg3
Nb6 16. a3 Bxc3 17. Qxc3 Ne4 18. Qd3 Nxg3 19. fxg3 Nd5 20. Ne5 Qc7 21. Ng4 Kg7 22.
Bf3 Be6 23. Ne3 Ne7 24. Bg4 Bxg4 25. Nxg4 Rad8 26. Rf1 Nd5 27. Ne5 Re7 28. Rf2 Nf4
29. gxf4 gxf4 30. Rxf4 Rxe5 31. Rg4+ Kf8 32. Qh7 Rg5 33. Rxg5 hxg5 34. Qh8+ Ke7 35.
Re1+ Kd7 36. Qh3+ Kd6 37. Qg3+ Kd7 38. Qxc7+ Kxc7 39. Re7+ Kb6 40. Rxf7 Rxd4 41.
Rf5 Rd1+ 42. Rf1 Rd2 43. Rf2 Rd1+ 44. Rf1 Rd2 45. Rf2 Rd1+  1/2-1/2

[Event "1. OEsterreichische Internet Schach Meisterschaft - Vorrunde 3"]
[Site "Online - Playchess.com"]
[Date ""]
[Round "4"]
[Board "73"]
[White "Prinz, Hubert"]
[Black "Dilly, Julian"]
[Result "1-0"]
[WhiteElo "1956"]
[BlackElo "1502"]
[PlyCount "101"]
[EventDate "2020.04.17"]
[EventRounds "9"]
[EventCountry "AUT"]

1. d4 Nf6 2. Nf3 g6 3. e3 Bg7 4. Bd3 d6 5. O-O Nbd7 6. Nbd2 O-O 7. c3 c5 8. e4 b6
9. Re1 Bb7 10. e5 dxe5 11. dxe5 Ne8 12. e6 fxe6 13. Bc4 Nc7 14. Bxe6+ Nxe6 15. Rxe6
Nf6 16. Qe1 Re8 17. Ng5 Bd5 18. Re2 Qd6 19. Ne6 Ng4 20. g3 Qc6 21. c4 Bh1 22. Qf1
Bf3 23. Nxf3 Qxf3 24. Nc7 Rac8 25. Nxe8 Rxe8 26. h3 Ne5 27. Re3 Qf6 28. Rb1 Nf3+
29. Kg2 Ne5 30. f4 Qc6+ 31. Kh2 Nf7 32. b3 Bd4 33. Re2 e5 34. Bb2 Bxb2 35. Rbxb2
a5 36. f5 Nh6 37. fxg6 hxg6 38. Rf2 Nf5 39. Rbe2 e4 40. Rf4 e3 41. Rxf5 gxf5 42.
Qxf5 Rf8 43. Qg5+ Kf7 44. Qxe3 Re8 45. Rf2+ Kg7 46. Qg5+ Kh7 47. Qf5+ Kg7 48. Qf7+
Kh8 49. h4 Rg8 50. Qf6+ Kh7 51. Qxc6  1-0

[Event "1. OEsterreichische Internet Schach Meisterschaft - Vorrunde 3"]
[Site "Online - Playchess.com"]
[Date ""]
[Round "4"]
[Board "74"]
[White "Ardelt, Hannes"]
[Black "Wimmer, Norbert"]
[Result "0-1"]
[WhiteElo "1732"]
[BlackElo "1973"]
[PlyCount "60"]
[EventDate "2020.04.17"]
[EventRounds "9"]
[EventCountry "AUT"]

1. b4 e5 2. Bb2 d6 3. b5 Nf6 4. e3 Be7 5. Nf3 c6 6. a4 O-O 7. Be2 h6 8. O-O Qb6 9.
c4 Be6 10. Nc3 Nbd7 11. Qb1 a5 12. d3 Qc7 13. e4 Nc5 14. Ba3 Nfd7 15. Nd2 f5 16.
f3 f4 17. Nb3 g5 18. Nxc5 Nxc5 19. Bxc5 dxc5 20. Qe1 Rad8 21. Kh1 Kh7 22. Rb1 Qd7
23. Na2 g4 24. Qxa5 gxf3 25. gxf3 Rg8 26. Rg1 Bh3 27. Rxg8 Rxg8 28. Rg1 Rxg1+ 29.
Kxg1 Qd4+ 30. Kh1 Qa1+  0-1

[Event "1. OEsterreichische Internet Schach Meisterschaft - Vorrunde 3"]
[Site "Online - Playchess.com"]
[Date ""]
[Round "4"]
[Board "75"]
[White "Redhammer, Markus"]
[Black "Kienboeck, Benjamin"]
[Result "0-1"]
[WhiteElo "1911"]
[BlackElo "1922"]
[PlyCount "116"]
[EventDate "2020.04.17"]
[EventRounds "9"]
[EventCountry "AUT"]

1. e4 c5 2. d4 cxd4 3. c3 dxc3 4. Nxc3 Nc6 5. Nf3 d6 6. e5 e6 7. exd6 Bxd6 8. Be3
Nge7 9. Be2 O-O 10. O-O a6 11. Qa4 Qc7 12. h3 b5 13. Qh4 Nf5 14. Qe4 Nxe3 15. Qxe3
Bb7 16. Ne4 Bf4 17. Qc3 Ne7 18. Qxc7 Bxc7 19. Ng3 Nd5 20. Rac1 Bb6 21. a3 Nf4 22.
Ne5 Rfd8 23. Bf3 Bxf3 24. Nxf3 Nd3 25. Rc2 Rac8 26. Rd2 Kf8 27. Rfd1 Nf4 28. Rxd8+
Rxd8 29. Rc1 Nd3 30. Rc2 Ke7 31. Kf1 b4 32. axb4 Nxb4 33. Rc4 a5 34. Ne5 Rd5 35.
Nc6+ Nxc6 36. Rxc6 Rb5 37. Rc2 g6 38. Ne4 Bd4 39. Rc7+ Kf8 40. Nd6 Rxb2 41. Rxf7+
Kg8 42. Rd7 Rxf2+ 43. Ke1 Rxg2 44. Rd8+ Kg7 45. Ne8+ Kf7 46. Nd6+ Ke7 47. Ra8 Kxd6
48. Rxa5 Bc5 49. Ra6+ Kd5 50. Ra5 e5 51. Ra8 Rg3 52. Rd8+ Kc4 53. Ke2 Rxh3 54. Re8
e4 55. Rxe4+ Kd5 56. Ra4 Re3+ 57. Kd2 g5 58. Ra7 Bxa7  0-1

[Event "1. OEsterreichische Internet Schach Meisterschaft - Vorrunde 3"]
[Site "Online - Playchess.com"]
[Date ""]
[Round "4"]
[Board "76"]
[White "Gugler, Giorgio"]
[Black "Simon, Christopher"]
[Result "0-1"]
[WhiteElo "1405"]
[BlackElo "1824"]
[PlyCount "64"]
[EventDate "2020.04.17"]
[EventRounds "9"]
[EventCountry "AUT"]

1. e4 g6 2. Bc4 d6 3. Qf3 Nf6 4. d3 Bg7 5. c3 O-O 6. Ne2 a6 7. h3 b5 8. Bb3 Nc6 9.
Bc2 Ne5 10. Qe3 c5 11. O-O Bb7 12. f4 Ned7 13. Ng3 Qc7 14. f5 Ne5 15. fxg6 fxg6 16.
Qe2 Nfd7 17. Bf4 Rf7 18. Bb3 c4 19. dxc4 bxc4 20. Bc2 Raf8 21. Bxe5 Rxf1+ 22. Nxf1
Nxe5 23. Nbd2 Qc5+ 24. Ne3 Bh6 25. Ndxc4 Nxc4 26. Qxc4+ Qxc4 27. Nxc4 Rc8 28. Bb3
Kg7 29. Nb6 Be3+ 30. Kh2 Bxb6 31. Rf1 Rf8 32. Rd1 Bxe4  0-1

[Event "1. OEsterreichische Internet Schach Meisterschaft - Vorrunde 3"]
[Site "Online - Playchess.com"]
[Date ""]
[Round "4"]
[Board "77"]
[White "Kanzian, Heinz"]
[Black "Schwarz, Benedikt"]
[Result "0-1"]
[WhiteElo "1642"]
[BlackElo "1815"]
[PlyCount "114"]
[EventDate "2020.04.17"]
[EventRounds "9"]
[EventCountry "AUT"]

1. e4 e6 2. Nf3 d5 3. exd5 exd5 4. d4 Nf6 5. Be2 Be7 6. O-O O-O 7. h3 Bf5 8. c3 Nc6
9. Nbd2 Ne4 10. Nb3 Bd6 11. Bd3 Bg6 12. Be3 Re8 13. Qc1 Bh5 14. Nfd2 f5 15. Nxe4
fxe4 16. Bc2 Qf6 17. Bd1 Bg6 18. Nc5 b6 19. Nb3 Bf5 20. Bg5 Qg6 21. Qe3 Rf8 22. Bh4
Na5 23. Qg5 Qe6 24. f4 Nc4 25. Bg4 Bxg4 26. hxg4 Ne3 27. f5 Qh6 28. Qxh6 gxh6 29.
Rf2 Nxg4 30. Raf1 Nxf2 31. Rxf2 Rae8 32. Nc1 e3 33. Rf1 Bf4 34. Ne2 Bg5 35. Bg3 c5
36. Be5 cxd4 37. cxd4 Rc8 38. Kh2 Rc2 39. Nc3 e2 40. Re1 Rxb2 41. Rxe2 Rxe2 42. Nxe2
Rxf5 43. Nc3 Bf4+ 44. Bxf4 Rxf4 45. Nxd5 Rxd4 46. Nf6+ Kg7 47. Ne8+ Kf7 48. Nc7 Rd2
49. Nb5 Rxa2 50. Kh3 a5 51. g3 a4 52. Kh4 Re2 53. Nc3 Re3 54. Nd5 Re4+ 55. g4 a3
56. Nxb6 a2 57. Nd5 a1=Q  0-1

[Event "1. OEsterreichische Internet Schach Meisterschaft - Vorrunde 3"]
[Site "Online - Playchess.com"]
[Date ""]
[Round "4"]
[Board "79"]
[White "Fugger, Christian"]
[Black "Schein, Alexander"]
[Result "1-0"]
[WhiteElo "1807"]
[BlackElo "1631"]
[PlyCount "67"]
[EventDate "2020.04.17"]
[EventRounds "9"]
[EventCountry "AUT"]

1. d4 d5 2. c4 e5 3. dxe5 d4 4. Nf3 Nc6 5. g3 Nge7 6. Bg2 Ng6 7. O-O Ngxe5 8. Nbd2
Be7 9. Nxe5 Nxe5 10. Nf3 Nxf3+ 11. Bxf3 O-O 12. e3 Bh3 13. Bg2 Bxg2 14. Kxg2 Bf6
15. exd4 Qxd4 16. Qc2 Rad8 17. Be3 Qxb2 18. Qxb2 Bxb2 19. Rab1 Bd4 20. Bxd4 Rxd4
21. Rxb7 Rxc4 22. Rxa7 c5 23. Rb1 Rc2 24. Rbb7 c4 25. a4 c3 26. a5 Rc1 27. a6 c2
28. Rc7 Rb8 29. Rab7 Ra8 30. a7 h6 31. Rb8+ Rxb8 32. axb8=Q+ Kh7 33. Qb2 Rb1 34.
Qxc2+  1-0

[Event "1. OEsterreichische Internet Schach Meisterschaft - Vorrunde 3"]
[Site "Online - Playchess.com"]
[Date ""]
[Round "4"]
[Board "80"]
[White "Strasser, Josef"]
[Black "Chen, Qingxia"]
[Result "1-0"]
[WhiteElo "1829"]
[BlackElo "1776"]
[PlyCount "83"]
[EventDate "2020.04.17"]
[EventRounds "9"]
[EventCountry "AUT"]

1. d4 d5 2. Nf3 Nf6 3. Bf4 e6 4. e3 Nbd7 5. Bd3 c5 6. c4 Be7 7. cxd5 Nxd5 8. Bg3
O-O 9. O-O h6 10. Nc3 Nb4 11. Bb1 Re8 12. a3 Nc6 13. Qc2 Nf8 14. Rd1 c4 15. d5 exd5
16. Nxd5 Qa5 17. Nc7 Bg4 18. Nxe8 Rxe8 19. Ba2 Bxf3 20. gxf3 Qh5 21. Kg2 b5 22. b3
Bf6 23. bxc4 Bxa1 24. Rxa1 Ne7 25. c5 Nf5 26. e4 Nd4 27. Qd1 Rd8 28. Bd5 Nde6 29.
c6 Ng5 30. c7 Rc8 31. f4 Qh3+ 32. Kg1 Nf3+ 33. Qxf3 Rxc7 34. Rd1 Ng6 35. e5 Nh4 36.
Bxh4 Qxf3 37. Bxf3 Rc3 38. Kg2 Rxa3 39. Be4 g6 40. Bf6 Kh7 41. Rd8 h5 42. Rh8#  1-0

[Event "1. OEsterreichische Internet Schach Meisterschaft - Vorrunde 3"]
[Site "Online - Playchess.com"]
[Date ""]
[Round "4"]
[Board "84"]
[White "Schroettner, Tobias Julian"]
[Black "Pasteiner, Gernot"]
[Result "1-0"]
[WhiteElo "1503"]
[BlackElo "1632"]
[PlyCount "51"]
[EventDate "2020.04.17"]
[EventRounds "9"]
[EventCountry "AUT"]

1. e4 d5 2. exd5 Qxd5 3. Nc3 Qa5 4. Bc4 Nf6 5. d4 c6 6. Bd2 Qc7 7. Nf3 Bg4 8. h3
Bh5 9. g4 Bg6 10. Nh4 e6 11. Nxg6 hxg6 12. Qe2 Be7 13. O-O-O b5 14. Bb3 Nbd7 15.
Rde1 a5 16. a3 b4 17. axb4 axb4 18. Nb1 O-O 19. h4 Nb6 20. h5 gxh5 21. gxh5 Nfd5
22. Reg1 Bf6 23. Qg4 c5 24. Bh6 c4 25. Bxg7 Bxg7 26. Qxg7#  1-0